Гидрогеология и гидросферное мышление; Современные проблемы гидрогеологии: Пятые Толстихинские чтения к 100-летию Н. И. Толстихина

Bibliografske podrobnosti
Parent link:Современные проблемы гидрогеологии: Пятые Толстихинские чтения к 100-летию Н. И. Толстихина.— 1996.— С. 22-25
Glavni avtor: Шварцев С. Л. Степан Львович
Izvleček:В фонде НТБ ТПУ отсутствует
Jezik:ruščina
Izdano: 1996
Teme:
Format: MixedMaterials Book Chapter
KOHA link:https://koha.lib.tpu.ru/cgi-bin/koha/opac-detail.pl?biblionumber=595219

MARC

LEADER 00000naa0a2200000 4500
001 595219
005 20250227093253.0
035 |a (RuTPU)RU\TPU\tpu\15642 
090 |a 595219 
100 |a 20090205d1996 k y0rusy50 ca 
101 0 |a rus 
102 |a RU 
200 1 |a Гидрогеология и гидросферное мышление   |f С. Л. Шварцев 
333 |a В фонде НТБ ТПУ отсутствует 
463 |t Современные проблемы гидрогеологии: Пятые Толстихинские чтения к 100-летию Н. И. Толстихина  |o материалы научно-методической конференции, 11-13 нояб., 1996, Санкт-Петербург  |v С. 22-25  |n [Б. и.]  |d 1996 
610 1 |a труды учёных ТПУ 
700 1 |a Шварцев  |b С. Л.  |c российский гидрогеолог, доктор геолого-минералогических наук  |c профессор Томского политехнического университета, академик РАЕН  |f 1936-  |g Степан Львович  |3 (RuTPU)RU\TPU\pers\25914  |4 070 
801 1 |a RU  |b 63413507  |c 20090205  |g PSBO 
801 2 |a RU  |b 63413507  |c 20100520  |g PSBO 
942 |c BK